[Event "XVII. DBMM Schach"]
[Site "Berlin"]
[Date "2017.11.03"]
[Round "4.2"]
[White "Meseck, Klaus"]
[Black "Hamann, Martin"]
[Result "0-1"]
[WhiteElo "1731"]
[BlackElo "1960"]
[Annotator "hm"]
[PlyCount "32"]
[EventDate "2017.??.??"]
[EventType "team-swiss"]
[EventRounds "7"]
[EventCountry "GER"]
[SourceTitle "XVII. DBMM 2017"]
[Source "FV Schach e.V."]
[SourceDate "2018.05.26"]
[SourceVersion "1"]
[SourceVersionDate "2018.05.26"]
[SourceQuality "1"]
[WhiteTeam "Telestern Berlin"]
[BlackTeam "SG Bayer Berlin"]
[WhiteTeamCountry "GER"]
[BlackTeamCountry "GER"]

1. e4 Nf6 2. Nc3 d5 3. Nxd5 Nxd5 4. exd5 Qxd5 5. Qf3 Qe5+ 6. Qe3 Qd5 7. Nf3 Nc6
8. c3 g6 9. d4 Bg7 10. Bd3 Bf5 11. O-O Bxd3 12. Qxd3 O-O-O 13. Be3 e5 14. Qc2
exd4 15. Nxd4 Bxd4 16. Rad1 Qc5 0-1

[Event "XVII. DBMM Schach"]
[Site "Berlin"]
[Date "2017.11.03"]
[Round "4.3"]
[White "Voss, Ingo"]
[Black "Norris, Ray"]
[Result "1-0"]
[WhiteElo "2116"]
[BlackElo "1651"]
[Annotator "hm"]
[PlyCount "63"]
[EventDate "2017.??.??"]
[EventType "team-swiss"]
[EventRounds "7"]
[EventCountry "GER"]
[SourceTitle "XVII. DBMM 2017"]
[Source "FV Schach e.V."]
[SourceDate "2018.05.26"]
[SourceVersion "1"]
[SourceVersionDate "2018.05.26"]
[SourceQuality "1"]
[WhiteTeam "SG Bayer Berlin"]
[BlackTeam "Telestern Berlin"]
[WhiteTeamCountry "GER"]
[BlackTeamCountry "GER"]

1. e4 b6 2. d4 Bb7 3. Nc3 e6 4. a3 Ne7 5. Nf3 g6 6. Bg5 Bg7 7. Qd2 h6 8. Be3 d6
9. Be2 Nd7 10. O-O g5 11. h3 f5 12. d5 fxe4 13. Nd4 Bxd4 14. dxe6 Be5 15. Bh5+
Kf8 16. exd7 Qxd7 17. Bd4 Nc6 18. Bxe5 Nxe5 19. Qd4 c5 20. Qe3 d5 21. Qg3 Qe7
22. f4 exf3 23. Bxf3 Kg7 24. Bxd5 Rae8 25. Rae1 Bxd5 26. Nxd5 Qd6 27. Nf6 Re6
28. Rd1 Qe7 29. Nd5 Qd6 30. Nf4 Nf3+ 31. Qxf3 Qxf4 32. Qc3+ 1-0

[Event "XVII. DBMM Schach"]
[Site "Berlin"]
[Date "2017.11.03"]
[Round "4.4"]
[White "Kleinwaechter, Manfred"]
[Black "Althaus, Boris"]
[Result "1-0"]
[WhiteElo "1791"]
[BlackElo "1414"]
[Annotator "hm"]
[PlyCount "81"]
[EventDate "2017.??.??"]
[EventType "team-swiss"]
[EventRounds "7"]
[EventCountry "GER"]
[SourceTitle "XVII. DBMM 2017"]
[Source "FV Schach e.V."]
[SourceDate "2018.05.26"]
[SourceVersion "1"]
[SourceVersionDate "2018.05.26"]
[SourceQuality "1"]
[WhiteTeam "Telestern Berlin"]
[BlackTeam "SG Bayer Berlin"]
[WhiteTeamCountry "GER"]
[BlackTeamCountry "GER"]

1. e4 e6 2. d4 c5 3. c3 Nc6 4. Nf3 cxd4 5. cxd4 Bb4+ 6. Bd2 Qb6 7. a3 Bxd2+ 8.
Qxd2 Nge7 9. Nc3 d5 10. e5 O-O 11. Na4 Qa5 12. Qxa5 Nxa5 13. b4 Nac6 14. Nc5
Nf5 15. Nb3 a5 16. b5 Nce7 17. a4 b6 18. Be2 Bd7 19. Rc1 Ng6 20. g3 f6 21. O-O
fxe5 22. Nxe5 Nxe5 23. dxe5 Bc8 24. g4 Nh4 25. Nd4 Bb7 26. Rc7 Rab8 27. f4 Rfc8
28. Rfc1 Re8 29. Kf2 Bc8 30. Nc6 Rb7 31. Nd4 Rxc7 32. Rxc7 Rf8 33. Bf3 Ng6 34.
Ne2 d4 35. Nxd4 Nxf4 36. Kg3 Nd5 37. Rc6 Nf4 38. Rxb6 Ng6 39. Nxe6 Bxe6 40.
Rxe6 Nh4 41. Bd5 1-0

[Event "XVII. DBMM Schach"]
[Site "Berlin"]
[Date "2017.11.03"]
[Round "4.1"]
[White "Hufnagel, Markus"]
[Black "Koerlin, Hans Juergen"]
[Result "0-1"]
[WhiteElo "1693"]
[BlackElo "1845"]
[Annotator "hm"]
[PlyCount "41"]
[EventDate "2017.??.??"]
[EventType "team-swiss"]
[EventRounds "7"]
[EventCountry "GER"]
[SourceTitle "XVII. DBMM 2017"]
[Source "FV Schach e.V."]
[SourceDate "2018.05.26"]
[SourceVersion "1"]
[SourceVersionDate "2018.05.26"]
[SourceQuality "1"]
[WhiteTeam "Deutsche Bahn Oberhausen"]
[BlackTeam "BA Tempelhof Berlin III"]
[WhiteTeamCountry "GER"]
[BlackTeamCountry "GER"]

1. c4 e5 2. Nc3 Nc6 3. g3 f5 4. Bg2 Nf6 5. d3 Bc5 6. e3 d6 7. Nge2 a6 8. O-O
O-O 9. b3 Qe8 10. Bb2 Qh5 11. Nd5 f4 12. exf4 Bg4 13. Re1 Nxd5 14. cxd5 Nd4 15.
Bxd4 Bxd4 16. Rc1 exf4 17. h3 fxg3 18. Nxd4 Bxd1 19. Rexd1 Rxf2 20. Ne6 Rxg2+
21. Kxg2 0-1

[Event "XVII. DBMM Schach"]
[Site "Berlin"]
[Date "2017.11.03"]
[Round "4.2"]
[White "Lehmann, Michael"]
[Black "Grunwald, Guenther"]
[Result "1/2-1/2"]
[WhiteElo "1722"]
[BlackElo "1611"]
[Annotator "hm"]
[PlyCount "79"]
[EventDate "2017.??.??"]
[EventType "team-swiss"]
[EventRounds "7"]
[EventCountry "GER"]
[SourceTitle "XVII. DBMM 2017"]
[Source "FV Schach e.V."]
[SourceDate "2018.05.26"]
[SourceVersion "1"]
[SourceVersionDate "2018.05.26"]
[SourceQuality "1"]
[WhiteTeam "BA Tempelhof Berlin III"]
[BlackTeam "Deutsche Bahn Oberhausen"]
[WhiteTeamCountry "GER"]
[BlackTeamCountry "GER"]

1. c4 e5 2. Nc3 f5 3. e4 d6 4. d3 Nf6 5. f4 Be7 6. Nf3 Nc6 7. Be3 Ng4 8. Bd2
exf4 9. Bxf4 fxe4 10. Nxe4 Nf6 11. Nc3 O-O 12. d4 Kh8 13. Be2 Bf5 14. a3 Nb8
15. O-O Ne4 16. Nxe4 Bxe4 17. Nd2 Bg6 18. Qb3 b6 19. Qf3 Nd7 20. Bd3 Bg5 21. g3
Qf6 22. Bxg6 Qxd4+ 23. Rf2 Bxf4 24. gxf4 Ne5 25. Qe4 Qxb2 26. Rb1 Qxa3 27. fxe5
Qc5 28. Qh4 Qxf2+ 29. Qxf2 Rxf2 30. Kxf2 hxg6 31. e6 Kg8 32. Re1 Kf8 33. Rg1 a5
34. Ke3 a4 35. Kd3 Ra5 36. Rxg6 Rh5 37. Rg2 Rh6 38. Rf2+ Ke7 39. Rf7+ Kxe6 40.
Rxg7 1/2-1/2

[Event "XVII. DBMM Schach"]
[Site "Berlin"]
[Date "2017.11.03"]
[Round "4.3"]
[White "Holdsch, Peter Michael"]
[Black "Schneider, Eckehard"]
[Result "1-0"]
[WhiteElo "1628"]
[BlackElo "1842"]
[Annotator "hm"]
[PlyCount "99"]
[EventDate "2017.??.??"]
[EventType "team-swiss"]
[EventRounds "7"]
[EventCountry "GER"]
[SourceTitle "XVII. DBMM 2017"]
[Source "FV Schach e.V."]
[SourceDate "2018.05.26"]
[SourceVersion "1"]
[SourceVersionDate "2018.05.26"]
[SourceQuality "1"]
[WhiteTeam "Deutsche Bahn Oberhausen"]
[BlackTeam "BA Tempelhof Berlin III"]
[WhiteTeamCountry "GER"]
[BlackTeamCountry "GER"]

1. d4 Nf6 2. Nf3 g6 3. c4 Bg7 4. Nc3 O-O 5. Bg5 d6 6. Qd2 c5 7. d5 Na6 8. Bh6
e5 9. Bxg7 Kxg7 10. e4 Nh5 11. g3 f5 12. exf5 Bxf5 13. Nh4 Bd7 14. Be2 Nf6 15.
a3 Qe7 16. O-O Bh3 17. Ng2 Rf7 18. Qg5 Raf8 19. Qh4 Qd7 20. f4 exf4 21. Rxf4 h6
22. Ne4 Nxe4 23. Rxf7+ Rxf7 24. Qxe4 Re7 25. Qf3 Bf5 26. Rf1 Qe8 27. Nf4 Re3
28. Ne6+ Rxe6 29. dxe6 Qe7 30. Re1 Nb8 31. Bd3 Bxd3 32. Qxd3 Nc6 33. Qd5 Nd4
34. b4 Nc2 35. bxc5 Nxe1 36. cxd6 Qf6 37. Qxb7+ Kg8 38. Qc8+ Kg7 39. Qd7+ Kg8
40. e7 Nf3+ 41. Kg2 Ne1+ 42. Kg1 Nf3+ 43. Kh1 Qa1+ 44. Kg2 Qg1+ 45. Kxf3 Qf1+
46. Ke3 Qe1+ 47. Kd4 Qd2+ 48. Kc5 Qe3+ 49. Kc6 Qe4+ 50. Kc7 1-0

[Event "XVII. DBMM Schach"]
[Site "Berlin"]
[Date "2017.11.03"]
[Round "4.1"]
[White "Raum, Norbert"]
[Black "Elster, Ulrich"]
[Result "0-1"]
[WhiteElo "1833"]
[BlackElo "1881"]
[Annotator "hm"]
[PlyCount "68"]
[EventDate "2017.??.??"]
[EventType "team-swiss"]
[EventRounds "7"]
[EventCountry "GER"]
[SourceTitle "XVII. DBMM 2017"]
[Source "FV Schach e.V."]
[SourceDate "2018.05.26"]
[SourceVersion "1"]
[SourceVersionDate "2018.05.26"]
[SourceQuality "1"]
[WhiteTeam "Baubehoerde Hamburg II"]
[BlackTeam "Vodafone II"]
[WhiteTeamCountry "GER"]
[BlackTeamCountry "GER"]

1. Nf3 d5 2. g3 g6 3. c4 Nf6 4. cxd5 Nxd5 5. Bg2 Bg7 6. O-O O-O 7. Nc3 c5 8.
Nxd5 Qxd5 9. d3 Nc6 10. Nd2 Qf5 11. Ne4 Rd8 12. Rb1 c4 13. Be3 cxd3 14. exd3
Nb4 15. Qb3 a5 16. Rbd1 Be6 17. Qa3 Bd5 18. Bb6 Rdc8 19. Rd2 Qd7 20. Bxa5 $11
Nc2 21. Rxc2 Rxc2 22. Qb4 Rxb2 23. Qe1 Qc6 24. Bh3 b6 25. Bc3 Bxc3 26. Nxc3 Bf3
27. d4 Ra3 28. Qc1 Qxc3 29. Qf4 Qc6 30. Rc1 Qd6 31. Qh6 Ra8 32. Qe3 Bb7 33. d5
Qxd5 34. f3 Qd2 0-1

[Event "XVII. DBMM Schach"]
[Site "Berlin"]
[Date "2017.11.03"]
[Round "4.2"]
[White "Kludszuweit, Kim Ira"]
[Black "Hoffeins, Hans Werner"]
[Result "1/2-1/2"]
[WhiteElo "1665"]
[BlackElo "1512"]
[Annotator "hm"]
[PlyCount "80"]
[EventDate "2017.??.??"]
[EventType "team-swiss"]
[EventRounds "7"]
[EventCountry "GER"]
[SourceTitle "XVII. DBMM 2017"]
[Source "FV Schach e.V."]
[SourceDate "2018.05.26"]
[SourceVersion "1"]
[SourceVersionDate "2018.05.26"]
[SourceQuality "1"]
[WhiteTeam "Vodafone II"]
[BlackTeam "Baubehoerde Hamburg II"]
[WhiteTeamCountry "GER"]
[BlackTeamCountry "GER"]

1. c4 Nf6 2. d4 g6 3. Nc3 Bg7 4. Nf3 d6 5. e3 c6 6. Be2 Nbd7 7. O-O O-O 8. b3
e5 9. Re1 Re8 10. Bb2 e4 11. Nd2 d5 12. c5 Nf8 13. Rb1 h5 14. b4 a6 15. Nf1 Bh6
16. f3 exf3 17. Bxf3 Ng4 18. Bxg4 Bxg4 19. Qd3 Qg5 20. e4 Qd8 21. Ne3 dxe4 22.
Nxe4 Bxe3+ 23. Rxe3 Bf5 24. Rbe1 Re6 25. Qe2 Bxe4 26. Rxe4 Qd5 27. a3 Rae8 28.
Re5 Qd7 29. Qe3 Rxe5 30. dxe5 Ne6 31. Rf1 Nf8 32. h3 Nh7 33. Qh6 Re6 34. Qc1
Qe7 35. Rd1 Nf8 36. Rd6 Nd7 37. Rxe6 Qxe6 38. Qg5 Kg7 39. Qe3 Kh7 40. Qf4 Kg7
1/2-1/2

[Event "XVII. DBMM Schach"]
[Site "Berlin"]
[Date "2017.11.03"]
[Round "4.3"]
[White "Hein, Andrea"]
[Black "Renzelmann, Jannis"]
[Result "0-1"]
[WhiteElo "1418"]
[BlackElo "1641"]
[Annotator "hm"]
[PlyCount "64"]
[EventDate "2017.??.??"]
[EventType "team-swiss"]
[EventRounds "7"]
[EventCountry "GER"]
[SourceTitle "XVII. DBMM 2017"]
[Source "FV Schach e.V."]
[SourceDate "2018.05.26"]
[SourceVersion "1"]
[SourceVersionDate "2018.05.26"]
[SourceQuality "1"]
[WhiteTeam "Baubehoerde Hamburg II"]
[BlackTeam "Vodafone II"]
[WhiteTeamCountry "GER"]
[BlackTeamCountry "GER"]

1. d4 d5 2. c4 e6 3. Nc3 Nf6 4. a3 Be7 5. Nf3 Nbd7 6. Bg5 h6 7. Bxf6 Nxf6 8. e3
O-O 9. Be2 b6 10. h3 Bb7 11. Rc1 Rc8 12. O-O c5 13. cxd5 exd5 14. Re1 c4 15.
Ne5 a6 16. Bf3 b5 17. Nb1 Qb6 18. Bg4 Nxg4 19. Nxg4 Rfd8 20. Ne5 a5 21. Qf3 Qf6
22. Red1 Qxf3 23. Nxf3 b4 24. Ne5 f6 25. Ng6 Bd6 26. Kf1 Kf7 27. Nh4 g6 28. Nf3
Ba6 29. Kg1 Rc7 30. Nfd2 Rdc8 31. axb4 axb4 32. Nf3 c3 0-1

[Event "XVII. DBMM Schach"]
[Site "Berlin"]
[Date "2017.11.03"]
[Round "4.4"]
[White "Renzelmann, Volker"]
[Black "Bockelmann, Rolf"]
[Result "1/2-1/2"]
[WhiteElo "1395"]
[BlackElo "1662"]
[Annotator "hm"]
[PlyCount "56"]
[EventDate "2017.??.??"]
[EventType "team-swiss"]
[EventRounds "7"]
[EventCountry "GER"]
[SourceTitle "XVII. DBMM 2017"]
[Source "FV Schach e.V."]
[SourceDate "2018.05.26"]
[SourceVersion "1"]
[SourceVersionDate "2018.05.26"]
[SourceQuality "1"]
[WhiteTeam "Vodafone II"]
[BlackTeam "Baubehoerde Hamburg II"]
[WhiteTeamCountry "GER"]
[BlackTeamCountry "GER"]

1. d4 Nf6 2. c4 e5 3. dxe5 Ng4 4. Nf3 Nc6 5. Bf4 f6 6. exf6 Qxf6 7. Qc1 Bc5 8.
e3 d6 9. h3 Nxf2 10. Rg1 Ne4 11. Bd3 Bb4+ 12. Nbd2 Nxd2 13. Nxd2 O-O 14. a3
Bxd2+ 15. Qxd2 Re8 16. O-O-O h6 17. Rgf1 Ne5 18. Bxe5 Qxe5 19. Rf3 Bd7 20. Rdf1
Rf8 21. Bh7+ Kxh7 22. Rxf8 Rxf8 23. Rxf8 Bf5 24. g4 Bg6 25. Rf4 Qg5 26. Qh2 Qe5
27. Qd2 Qg5 28. Qd4 Qh4 1/2-1/2

[Event "XVII. DBMM Schach"]
[Site "Berlin"]
[Date "2017.11.03"]
[Round "4.1"]
[White "Decker, Ingo"]
[Black "Obermeier, Karlheinz"]
[Result "1/2-1/2"]
[WhiteElo "1647"]
[BlackElo "1526"]
[Annotator "hm"]
[PlyCount "95"]
[EventDate "2017.??.??"]
[EventType "team-swiss"]
[EventRounds "7"]
[EventCountry "GER"]
[SourceTitle "XVII. DBMM 2017"]
[Source "FV Schach e.V."]
[SourceDate "2018.05.26"]
[SourceVersion "1"]
[SourceVersionDate "2018.05.26"]
[SourceQuality "1"]
[WhiteTeam "SG Airbus Bremen"]
[BlackTeam "ADAC Muenchen II"]
[WhiteTeamCountry "GER"]
[BlackTeamCountry "GER"]

1. e4 e5 2. Nf3 Nc6 3. Bc4 Be7 4. Nc3 Nf6 5. d3 d6 6. h3 O-O 7. a3 Be6 8. Nd5
Bxd5 9. exd5 Nb8 10. O-O Nbd7 11. Bb3 Nb6 12. c4 Nbd7 13. Bc2 c6 14. dxc6 bxc6
15. b4 Qc7 16. Bb2 Rfb8 17. Re1 a5 18. Bc3 axb4 19. axb4 h6 20. Qe2 Rxa1 21.
Rxa1 Re8 22. Qd1 Rb8 23. Qe1 Re8 24. g4 Nh7 25. d4 Bf6 26. Qe4 g6 27. Qe3 Ng5
28. Ne1 Bg7 29. h4 Nh7 30. dxe5 Nxe5 31. f4 Qd7 32. fxe5 Qxg4+ 33. Ng2 Qxc4 34.
Qd3 Qg4 35. Bd1 Qe6 36. exd6 Bxc3 37. Qxc3 Qxd6 38. Bf3 Rb8 39. Qc5 Qd2 40. Rd1
Qa2 41. Bxc6 Qb3 42. Re1 Rxb4 43. Re8+ Kg7 44. Re3 Qd1+ 45. Re1 Qd2 46. Qe5+
Nf6 47. Rf1 Qd4+ 48. Qxd4 1/2-1/2

[Event "XVII. DBMM Schach"]
[Site "Berlin"]
[Date "2017.11.03"]
[Round "4.2"]
[White "Laijh, Anton"]
[Black "Mikoteit, Siegfried"]
[Result "1-0"]
[WhiteElo "1541"]
[BlackElo "1366"]
[Annotator "hm"]
[PlyCount "113"]
[EventDate "2017.??.??"]
[EventType "team-swiss"]
[EventRounds "7"]
[EventCountry "GER"]
[SourceTitle "XVII. DBMM 2017"]
[Source "FV Schach e.V."]
[SourceDate "2018.05.26"]
[SourceVersion "1"]
[SourceVersionDate "2018.05.26"]
[SourceQuality "1"]
[WhiteTeam "ADAC Muenchen II"]
[BlackTeam "SG Airbus Bremen"]
[WhiteTeamCountry "GER"]
[BlackTeamCountry "GER"]

1. e4 e5 2. Nf3 Nc6 3. Bc4 Nf6 4. d3 h6 5. O-O d6 6. h3 Na5 7. Nbd2 Nxc4 8.
Nxc4 Be6 9. Ne3 c5 10. c4 Be7 11. Nh2 O-O 12. f4 exf4 13. Rxf4 Nd7 14. Nf5 Bxf5
15. Rxf5 Bf6 16. Ng4 Bd4+ 17. Kh1 Qh4 18. Qf1 Ne5 19. Nxe5 Bxe5 20. Rf3 Rae8
21. Rb1 Re6 22. Qf2 Qxf2 23. Rxf2 Rf6 24. Rxf6 Bxf6 25. b3 Be5 26. g4 g5 27.
Be3 Re8 28. Kg2 Re6 29. Re1 Kg7 30. Bf2 Kg6 31. Rh1 h5 32. gxh5+ Kxh5 33. Bg3
Bxg3 34. Kxg3 Rf6 35. Re1 Re6 36. Rf1 Kg6 37. Kg4 Re5 38. Rf3 f6 39. Rf1 Re8
40. Rf3 Rh8 41. Rf5 Kf7 42. a3 b6 43. b4 Rc8 44. Rd5 Ke6 45. b5 Ra8 46. Rf5 a6
47. a4 axb5 48. axb5 Ra3 49. Rf3 Ra8 50. Kh5 Rh8+ 51. Kg6 Ke5 52. Kg7 Rh4 53.
Rf5+ Kd4 54. Rd5+ Ke3 55. Kxf6 Rxh3 56. Kxg5 Rg3+ 57. Kf5 1-0

[Event "XVII. DBMM Schach"]
[Site "Berlin"]
[Date "2017.11.03"]
[Round "4.3"]
[White "Hueners, Rolf"]
[Black "Zunk, Olaf"]
[Result "0-1"]
[WhiteElo "1400"]
[BlackElo "1352"]
[Annotator "hm"]
[PlyCount "74"]
[EventDate "2017.??.??"]
[EventType "team-swiss"]
[EventRounds "7"]
[EventCountry "GER"]
[SourceTitle "XVII. DBMM 2017"]
[Source "FV Schach e.V."]
[SourceDate "2018.05.26"]
[SourceVersion "1"]
[SourceVersionDate "2018.05.26"]
[SourceQuality "1"]
[WhiteTeam "SG Airbus Bremen"]
[BlackTeam "ADAC Muenchen II"]
[WhiteTeamCountry "GER"]
[BlackTeamCountry "GER"]

1. d4 b6 2. c4 Bb7 3. d5 e6 4. a3 Nf6 5. Nc3 exd5 6. cxd5 d6 7. e3 Be7 8. Bc4
O-O 9. Nge2 a6 10. a4 Nbd7 11. b4 c5 12. dxc6 Bxc6 13. O-O Ne5 14. Bd5 Nxd5 15.
Nxd5 Bf6 16. Nec3 Bxd5 17. Qxd5 Qd7 18. h3 Nc6 19. Qb3 Rab8 20. Bb2 Ne5 21.
Rfd1 Rfc8 22. Ne4 Nf3+ 23. Kh1 Bxb2 24. Qxb2 Qe6 25. Nxd6 Rd8 26. gxf3 Rxd6 27.
Kh2 Rbd8 28. Rg1 f6 29. Rg4 Rd2 30. Qc3 Rxf2+ 31. Kg3 Rfd2 32. Qc7 R8d7 33.
Qc8+ Kf7 34. Qh8 Qe5+ 35. Kh4 g5+ 36. Kh5 Qf5 37. Rc4 Qxh3+ 0-1

[Event "XVII. DBMM Schach"]
[Site "Berlin"]
[Date "2017.11.03"]
[Round "4.4"]
[White "Zunk, Steffi"]
[Black "Schroeder, Wilfried"]
[Result "0-1"]
[WhiteElo "801"]
[BlackElo "1400"]
[Annotator "hm"]
[PlyCount "64"]
[EventDate "2017.??.??"]
[EventType "team-swiss"]
[EventRounds "7"]
[EventCountry "GER"]
[SourceTitle "XVII. DBMM 2017"]
[Source "FV Schach e.V."]
[SourceDate "2018.05.26"]
[SourceVersion "1"]
[SourceVersionDate "2018.05.26"]
[SourceQuality "1"]
[WhiteTeam "ADAC Muenchen II"]
[BlackTeam "SG Airbus Bremen"]
[WhiteTeamCountry "GER"]
[BlackTeamCountry "GER"]

1. e4 e5 2. Nf3 Nc6 3. Nc3 Bc5 4. Bc4 h6 5. d3 a6 6. O-O d6 7. a3 Nd4 8. b4 Bg4
9. bxc5 dxc5 10. Qd2 Bxf3 11. g3 Qf6 12. Nd5 Ne2+ 13. Qxe2 Bxe2 14. Re1 Qd8 15.
Rxe2 Ne7 16. Bb2 Qd6 17. Re3 O-O-O 18. a4 h5 19. Ba3 Nxd5 20. Bxd5 b6 21. a5 b5
22. c3 Qe7 23. d4 c6 24. Bxc5 Qf6 25. Rb1 cxd5 26. exd5 Rxd5 27. c4 Rd7 28.
dxe5 Qe6 29. cxb5 Rb7 30. Bd4 Rxb5 31. Rc3+ Kd7 32. Rbc1 Rb7 0-1

[Event "XVII. DBMM Schach"]
[Site "Berlin"]
[Date "2017.11.03"]
[Round "4.1"]
[White "Huebner, Detlef"]
[Black "Warnest, Stefan"]
[Result "1/2-1/2"]
[WhiteElo "1573"]
[BlackElo "1531"]
[Annotator "hm"]
[PlyCount "49"]
[EventDate "2017.??.??"]
[EventType "team-swiss"]
[EventRounds "7"]
[EventCountry "GER"]
[SourceTitle "XVII. DBMM 2017"]
[Source "FV Schach e.V."]
[SourceDate "2018.05.26"]
[SourceVersion "1"]
[SourceVersionDate "2018.05.26"]
[SourceQuality "1"]
[WhiteTeam "AGI Frankfurt II"]
[BlackTeam "BA Tempelhof Berlin IV"]
[WhiteTeamCountry "GER"]
[BlackTeamCountry "GER"]

1. e4 c6 2. d4 d5 3. Nc3 dxe4 4. Nxe4 Bf5 5. Ng3 Bg6 6. Nf3 Nd7 7. Bd3 Ngf6 8.
O-O e6 9. Re1 Qc7 10. Ne5 O-O-O 11. Bf4 Nxe5 12. Bxe5 Bd6 13. Bxd6 Qxd6 14. c3
Bxd3 15. Qxd3 Rhe8 16. Ne4 Nxe4 17. Qxe4 f5 18. Qe5 Qxe5 19. Rxe5 g6 20. Rae1
Kd7 21. f4 b6 22. Kf2 Re7 23. Kg3 h6 24. R1e3 g5 25. fxg5 1/2-1/2

[Event "XVII. DBMM Schach"]
[Site "Berlin"]
[Date "2017.11.04"]
[Round "5.1"]
[White "Rabiega, Robert"]
[Black "Hoffmann, Hendrik"]
[Result "1-0"]
[WhiteElo "2516"]
[BlackElo "2281"]
[Annotator "br"]
[PlyCount "55"]
[EventDate "2017.??.??"]
[EventType "team-swiss"]
[EventRounds "7"]
[EventCountry "GER"]
[SourceTitle "XVII. DBMM 2017"]
[Source "FV Schach e.V."]
[SourceDate "2018.05.26"]
[SourceVersion "1"]
[SourceVersionDate "2018.05.26"]
[SourceQuality "1"]
[WhiteTeam "Deutsche Bahn/BSW Berlin"]
[BlackTeam "le-tex GmbH Leipzig"]
[WhiteTeamCountry "GER"]
[BlackTeamCountry "GER"]

1. e4 d6 2. d4 Nf6 3. Bd3 e5 4. c3 Be7 5. Nf3 Nbd7 6. O-O O-O 7. Re1 c6 8. Nbd2
Re8 9. Nf1 Bf8 10. Ng3 g6 11. a4 Bg7 12. h3 d5 13. dxe5 Nxe4 14. Bxe4 dxe4 15.
Bg5 Qc7 16. Nxe4 h6 17. Bf4 Rd8 18. Qc1 g5 19. Bg3 Nf8 20. Nf6+ Bxf6 21. exf6
Qa5 22. Re5 Rd5 23. Re8 Rd8 24. b4 Qd5 25. Re5 Qd3 26. Nxg5 hxg5 27. Rxg5+ Ng6
28. Rd5 1-0

[Event "XVII. DBMM Schach"]
[Site "Berlin"]
[Date "2017.11.04"]
[Round "5.2"]
[White "Heinrich, Thomas"]
[Black "Muse, Mladen"]
[Result "0-1"]
[WhiteElo "2215"]
[BlackElo "2391"]
[Annotator "br"]
[PlyCount "104"]
[EventDate "2017.??.??"]
[EventType "team-swiss"]
[EventRounds "7"]
[EventCountry "GER"]
[SourceTitle "XVII. DBMM 2017"]
[Source "FV Schach e.V."]
[SourceDate "2018.05.26"]
[SourceVersion "1"]
[SourceVersionDate "2018.05.26"]
[SourceQuality "1"]
[WhiteTeam "le-tex GmbH Leipzig"]
[BlackTeam "Deutsche Bahn/BSW Berlin"]
[WhiteTeamCountry "GER"]
[BlackTeamCountry "GER"]

1. d4 Nf6 2. Nf3 e6 3. Bf4 b6 4. e3 Bb7 5. Nbd2 Be7 6. h3 c5 7. c3 O-O 8. Bd3
d6 9. Qe2 cxd4 10. exd4 Nbd7 11. O-O Re8 12. Rfe1 a6 13. Rad1 $11 Nf8 14. Ne4
Ng6 15. Nxf6+ Bxf6 16. Bg3 b5 17. a3 Be7 18. Bb1 Bd5 19. Qd3 Rc8 20. Re3 f5 21.
Ree1 Qd7 22. Nd2 Qc6 23. f3 Bh4 24. Bxh4 Nxh4 25. Qe3 h6 26. Rf1 Rf8 27. Qd3
Ng6 28. g3 e5 29. Bc2 Rf6 30. Bb3 Bxb3 31. Nxb3 Kh7 32. Rde1 Re8 33. Kh2 Qd5
34. Nc1 Qf7 35. Qc2 h5 36. h4 Rfe6 37. d5 R6e7 38. Re2 Qf6 39. Kg1 Kg8 40. Nd3
f4 41. Rg2 fxg3 42. Rxg3 Nxh4 43. Qh2 Nf5 44. Rh3 Qg6+ 45. Kh1 h4 46. Nf2 Ng3+
47. Kg1 Nxf1+ 48. Kxf1 Rf7 49. Rxh4 Rxf3 50. Rh8+ Kf7 51. Rxe8 Kxe8 52. Qh8+
Kf7 0-1

[Event "XVII. DBMM Schach"]
[Site "Berlin"]
[Date "2017.11.04"]
[Round "5.3"]
[White "Muse, Drazen"]
[Black "Rohne, Lars"]
[Result "1/2-1/2"]
[WhiteElo "2356"]
[BlackElo "2145"]
[Annotator "br"]
[PlyCount "30"]
[EventDate "2017.??.??"]
[EventType "team-swiss"]
[EventRounds "7"]
[EventCountry "GER"]
[SourceTitle "XVII. DBMM 2017"]
[Source "FV Schach e.V."]
[SourceDate "2018.05.26"]
[SourceVersion "1"]
[SourceVersionDate "2018.05.26"]
[SourceQuality "1"]
[WhiteTeam "Deutsche Bahn/BSW Berlin"]
[BlackTeam "le-tex GmbH Leipzig"]
[WhiteTeamCountry "GER"]
[BlackTeamCountry "GER"]

1. d4 g6 2. e4 Bg7 3. Nc3 d6 4. f4 a6 5. Nf3 Nd7 6. e5 b5 7. Bd3 c5 8. Be4 Rb8
9. dxc5 Nxc5 10. Bc6+ Bd7 11. Bxd7+ Qxd7 12. Be3 b4 13. Nd5 Qc6 14. a3 bxa3 15.
b4 Ne4 1/2-1/2

[Event "XVII. DBMM Schach"]
[Site "Berlin"]
[Date "2017.11.04"]
[Round "5.4"]
[White "Schreiter, Thomas"]
[Black "Kleeschaetzky, Rainer"]
[Result "0-1"]
[WhiteElo "2016"]
[BlackElo "2304"]
[Annotator "br"]
[PlyCount "76"]
[EventDate "2017.??.??"]
[EventType "team-swiss"]
[EventRounds "7"]
[EventCountry "GER"]
[SourceTitle "XVII. DBMM 2017"]
[Source "FV Schach e.V."]
[SourceDate "2018.05.26"]
[SourceVersion "1"]
[SourceVersionDate "2018.05.26"]
[SourceQuality "1"]
[WhiteTeam "le-tex GmbH Leipzig"]
[BlackTeam "Deutsche Bahn/BSW Berlin"]
[WhiteTeamCountry "GER"]
[BlackTeamCountry "GER"]

1. d4 d5 2. c4 c6 3. Nf3 Nf6 4. Nc3 e6 5. e3 Nbd7 6. Bd3 dxc4 7. Bxc4 b5 8. Bd3
Bb7 9. O-O a6 10. b3 c5 11. Bb2 Be7 12. Rc1 Rc8 13. Qe2 Qb6 14. Rfd1 O-O 15.
Ba1 Rfd8 16. Nb1 Qa5 17. Bc3 b4 18. Ba1 cxd4 19. exd4 Nd5 20. Qd2 h6 21. a4 Qb6
22. Rxc8 Rxc8 23. Rc1 Rxc1+ 24. Qxc1 Bd6 25. Bf1 Bf4 26. Qe1 Qc7 27. Nbd2 Qc2
28. Qb1 Qc6 29. Nc4 Bc7 30. Qe1 Nf4 31. Qd1 g5 32. Ne3 Nf6 33. Qd2 a5 34. Ne5
Bxe5 35. dxe5 Nh3+ 36. Kh1 Ne4 37. Qd8+ Kh7 38. gxh3 Ng3+ 0-1